Govt. of
Madhya Pradesh

Rular Women And Education (Record no. 16580)

MARC details
000 -LEADER
fixed length control field 004820000a22001930004500
001 - CONTROL NUMBER
control field 004693
003 - CONTROL NUMBER IDENTIFIER
control field MACL
005 - DATE AND TIME OF LATEST TRANSACTION
control field 20150804163712.0
008 - FIXED-LENGTH DATA ELEMENTS--GENERAL INFORMATION
fixed length control field 150804b xxu||||| |||| 00| 0 eng d
040 ## - CATALOGING SOURCE
Original cataloging agency MACL
Transcribing agency MACL
041 ## - LANGUAGE CODE
Language code of text/sound track or separate title English
082 ## - DEWEY DECIMAL CLASSIFICATION NUMBER
Classification number 370/SIN
100 ## - MAIN ENTRY--PERSONAL NAME
Personal name Singh, B.N.
9 (RLIN) 4736
245 ## - TITLE STATEMENT
Title Rular Women And Education
Statement of responsibility, etc. B.N. Singh
260 ## - PUBLICATION, DISTRIBUTION, ETC. (IMPRINT)
Place of publication, distribution, etc. New Delhi
Date of publication, distribution, etc. 2006
Name of publisher, distributor, etc. Vista International Publishing,
350 ## - PRICE (NR) (BK AM CF MU VM SE) [OBSOLETE]
Price 695
650 ## - SUBJECT ADDED ENTRY--TOPICAL TERM
Topical term or geographic name as entry element Education
9 (RLIN) 4737
942 ## - ADDED ENTRY ELEMENTS (KOHA)
Call number prefix 370
Koha item type Books
Source of classification or shelving scheme
Holdings
Withdrawn status Lost status Source of classification or shelving scheme Damaged status Not for loan Home library Current library Date acquired Cost, normal purchase price Total Checkouts Full call number Barcode Date last seen Uniform Resource Identifier Price effective from Koha item type
          MACL MACL 15/04/2015 695.00   370/SIN CRE020985 02/05/2024 16488 15/04/2015 Books